000
00273nam a22001097a 4500
008
160704b xxu||||| |||| 00| 0 eng d
100
_9
1931
_a
Guy, R
245
_a
Mirror of her Own
260
_a
N.Y
_b
Delacorte Press
_c
1981
300
_a
Mirror of her Own
942
_2
ddc
_c
BK
999
_c
1633
_d
1633